| 000 | 01114nam0a22002651 4500 | ||
|---|---|---|---|
| 001 | rc\2818364 | ||
| 005 | 20230605195709.0 | ||
| 035 | _a(NLR Aleph) 006944065 | ||
| 090 |
_a5180732 _c5180732 |
||
| 100 | _a20110915d1936 |||y0rusy50 ca | ||
| 101 | 0 | _arus | |
| 102 | _aRU | ||
| 105 | _ay z ||||| | ||
| 200 | 1 |
_aО государственном бюджете СССР на 1936 год _fСост. С. Свердлин |
|
| 210 |
_a[Ленинград] _cЛеноблиздат _d1936 _gтип. "Коминтерн" |
||
| 215 |
_aОбл., 33, [2] с. _d16х13 см. |
||
| 225 | 1 |
_aМатериалы для агитатора и пропагандиста _fОтд. парт. пропаганды и агитации Ленингр. гор. ком-та ВКП(б) |
|
| 702 | 1 |
_aСвердлин _bС. Л. _gСоломон Львович _4220 |
|
| 712 | 0 | 2 |
_aВКП(б) _bЛенинградский гор. ком-т _bОтдел парт. пропаганды и агитации |
| 801 | 0 |
_aRU _bNLR _gpsbo |
|
| 801 | 1 |
_aRU _bELAR _2rusmarc |
|
| 852 |
_aNLR _j36-9/676 |
||
| 942 | _cBOOK | ||
| 980 | _aNB | ||